000 00998nam a22002537a 4500
005 20240530110443.0
008 150423s2010 su dk g b 000 0 ara d
017 _a1431/7399
_bالسعودية . مكتبة الملك فهد الوطنية
020 _a9786038005606
040 _aEG-CaGPL
082 0 4 _221
_a372.218\
_bأ م
100 0 _aام هاشم عبدالمطلب العمدة
245 1 2 _aالمهارات الحركية والفنية لاطفال الروضة /
_cام هاشم عبدالمطلب العمدة
250 _aط1
260 _aالرياض :
_bدار الزهراء للنشر والتوزيع ،
_c2010 .
300 _a176 ص :
_bايض ؛
_c24 سم
504 _aببليوجرافية : ص 169 - 171
650 0 4 _aرياض الاطفال
650 0 4 _aالاطفال
_xتدريب
650 0 4 _aالاطفال
_xتعليم
650 0 4 _aالاطفال
_xالمهارات الحركية
942 _2ddc
_cBK
999 _c61099
_d61099